Search the Library Catalogue
| 000 -LEADER | |
|---|---|
| fixed length control field | 00766nam a2200229Ia 4500 |
| 008 - FIXED-LENGTH DATA ELEMENTS--GENERAL INFORMATION | |
| fixed length control field | 191130s1991##################000#0#eng## |
| 020 ## - INTERNATIONAL STANDARD BOOK NUMBER | |
| ISBN | 97802224175 |
| 082 ## - DEWEY DECIMAL CLASSIFICATION NUMBER | |
| Classification number | 327.47 FLE |
| 245 ## - TITLE STATEMENT | |
| Title | Classic issues in Soviet foreign policy : from Lenin to Brezhnev |
| Statement of responsibility, etc | Frederic J. Fleron, Jr., Erik P. Hoffmann, Robbin F. Laird, editors |
| 260 ## - PUBLICATION, DISTRIBUTION, ETC. (IMPRINT) | |
| Place of publication | New York |
| Name of publisher | Aldine de Gruyter |
| Year of publication | c1991 |
| 300 ## - PHYSICAL DESCRIPTION | |
| Number of Pages | xiii, 349 p. : ill. ; 23 cm |
| 500 ## - GENERAL NOTE | |
| General note | Includes bibliographical references and index |
| 650 ## - SUBJECT ADDED ENTRY--TOPICAL TERM | |
| Topical Term | Soviet Union - Foreign relations |
| 700 ## - ADDED ENTRY--PERSONAL NAME | |
| Personal name | Fleron, Frederic J |
| Personal name | Hoffmann, Erik P |
| Personal name | Laird, Robbin F |
| 991 ## - | |
| -- | 132367 |
| Withdrawn status | Lost status | Damaged status | Not for loan | Home library | Current library | Shelving location | Date acquired | Full call number | Accession Number | Price effective from | Koha item type |
|---|---|---|---|---|---|---|---|---|---|---|---|
| Anna Centenary Library | Anna Centenary Library | 3RD FLOOR, B WING | 12.10.2020 | 327.47 FLE | 400204 | 12.10.2020 | English Books |